Audels mathematics and calculations for machanics:a ready reference. (Record no. 64396)

000 -LEADER
fixed length control field 00819cam a22002771 4500
001 - CONTROL NUMBER
control field 10292632
003 - CONTROL NUMBER IDENTIFIER
control field NUST - PNEC
005 - DATE AND TIME OF LATEST TRANSACTION
control field 20170116180840.0
008 - FIXED-LENGTH DATA ELEMENTS--GENERAL INFORMATION
fixed length control field 750519s1959 xx 000 0 eng
010 ## - LIBRARY OF CONGRESS CONTROL NUMBER
LC control number 59016752
020 ## - INTERNATIONAL STANDARD BOOK NUMBER
International Standard Book Number -
035 ## - SYSTEM CONTROL NUMBER
System control number (OCoLC)1343062
040 ## - CATALOGING SOURCE
Original cataloging agency DLC
Transcribing agency LIBRARY
Modifying agency DLC
042 ## - AUTHENTICATION CODE
Authentication code premarc
050 00 - LIBRARY OF CONGRESS CALL NUMBER
Classification number TJ1165
Item number .G72 1959
082 ## - DEWEY DECIMAL CLASSIFICATION NUMBER
Classification number 510.2 GRA
100 1# - MAIN ENTRY--PERSONAL NAME
Personal name Graham, Frank Duncan,
Dates associated with a name 1875-
245 10 - TITLE STATEMENT
Title Audels mathematics and calculations for machanics:a ready reference.
Statement of responsibility, etc. Frank D. Graham
260 ## - PUBLICATION, DISTRIBUTION, ETC.
Place of publication, distribution, etc. New York,
Name of publisher, distributor, etc. T. Audel
Date of publication, distribution, etc. [1959]
300 ## - PHYSICAL DESCRIPTION
Extent 1 v.
Other physical details illus.
Dimensions 18 cm.
650 #0 - SUBJECT ADDED ENTRY--TOPICAL TERM
Topical term or geographic name entry element Shop mathematics.
General subdivision ME
650 #0 - SUBJECT ADDED ENTRY--TOPICAL TERM
Topical term or geographic name entry element Electrical engineering
General subdivision Tables.
650 #0 - SUBJECT ADDED ENTRY--TOPICAL TERM
Topical term or geographic name entry element Mechanical engineering
General subdivision Tables.
906 ## - LOCAL DATA ELEMENT F, LDF (RLIN)
a 7
b cbc
c oclcrpl
d u
e ncip
f 19
g y-gencatlg
942 ## - ADDED ENTRY ELEMENTS (KOHA)
Source of classification or shelving scheme
Koha item type Book
Holdings
Withdrawn status Lost status Source of classification or shelving scheme Damaged status Not for loan Permanent Location Current Location Shelving location Date acquired Total Checkouts Full call number Barcode Date last seen Price effective from Koha item type
          Pakistan Navy Engineering College (PNEC) Pakistan Navy Engineering College (PNEC)       510.2 GRA PNECLIB-001974 08/20/2015   Book
© 2023 Central Library, National University of Sciences and Technology. All Rights Reserved.